Gracie Abrams Complete Discography - Statistics

General Stats
  • This quiz has been taken 38 times
  • The average score is 40 of 64
Answer Stats
# title % Correct
5. (feat. Taylor Swift) us.
96%
4. I Love You, I'm Sorry
89%
18. (Live - Vevo) I Love You, I'm Sorry
89%
5. I miss you, I'm sorry
89%
2. Risk
85%
13. Close To You
81%
(2023, Noah Kahan) Everywhere, Everything
81%
7. minor
81%
15. That's So True
81%
2. 21
74%
1. Best
74%
4. Camden
74%
14. Cool
74%
1. Feels Like
74%
12. Free Now
74%
20. (Live - Vevo) Free Now
74%
11. Good Luck Charlie
74%
2. I know it won't work
74%
(2025, Selena Gomez, benny blanco) Call Me When You Break Up
70%
11. The blue
70%
15. 405
67%
(2025, Live - O2 Arena) Death Wish
67%
1. Felt Good About You
67%
1. Friend
67%
9. Gave You I Gave You I
67%
8. I Knew It, I Know You
67%
19. (Live - Vevo) I Knew It, I Know You
67%
16. I Told You Things
67%
6. Long Sleeves
67%
(2021) Mess It Up
67%
10. Augusta
63%
3. Blowing Smoke
63%
17. Packing It Up
63%
9. This is what the drugs are for
63%
4. Where do we go now?
63%
7. Amelie
59%
13. Block me out
59%
3. Full machine
59%
12. Right now
59%
10. Fault line
56%
6. Let It Happen
56%
(2019) Mean It
56%
4. tehe
56%
5. The Bottom
56%
16. Two People
56%
3. Under / Over
56%
(2023, The Buccaneers) Cedar
52%
(2019) Stay
52%
7. Tough Love
52%
(2021, benny blanco) Unlearn
52%
9. Hard to Sleep
48%
2. Rockland
48%
(2020) Brush Fire
44%
8. Difficult
44%
10. Normal Thing
44%
11. Painkillers
44%
8. Better
41%
5. I should hate you
41%
7. Older
41%
14. Unsteady
41%
6. Will you cry?
41%
6. Wishful Thinking
37%
12. Alright
33%
3. For Real This Time
33%
No matching quizzes found
Score Distribution
Percent of People with Each Score
Percentile by Number Answered
Your Score History
You have not taken this quiz